| 000 | 02035nam0a2200397 4500 | ||
|---|---|---|---|
| 001 | RU\NLR\bibl\996928 | ||
| 005 | 20260406162900.0 | ||
| 010 |
_a5-94387-176-4 _95000 |
||
| 021 |
_aRU _b2006-53850 _92663 |
||
| 035 | _a(nilc)RSL-KNO-002928177 | ||
| 035 | _a(NLR Aleph) 000984688 | ||
| 090 |
_a481187 _c481187 |
||
| 100 | _a20060915d2006 |||y0rusy50 ca | ||
| 101 | 0 | _arus | |
| 102 | _aRU | ||
| 105 | _aa ||||||||| | ||
| 106 | _ar | ||
| 200 | 1 |
_aКраткий справочник домашнего электрика _e[настольная книга для каждого мужчины] _fС. Л. Корякин-Черняк |
|
| 205 | _aИзд. 2-е | ||
| 210 |
_aСанкт-Петербург _cНаука и Техника (НиТ) _d2006 _eСПб. _gТехническая книга |
||
| 215 |
_a272 с. _cил., табл. _d21 |
||
| 225 | 1 | _aДомашний мастер | |
| 300 | _aНа обл. : Полезные советы, справ. информ. и многое другое... | ||
| 313 | _aпред.изд.2005г. | ||
| 320 | _aБиблиогр.: с. 267 (25 назв.) | ||
| 606 | 1 |
_aЖилые дома _jСправочники _xЭлектрооборудование _91123048 _3RU\NLR\auth\66445282 |
|
| 610 | 0 | _aЭнергетика -- Электроэнергетика. Электротехника -- Использование электрической энергии -- Электрическое освещение. Электротехника -- Освещение жилых и общественных зданий. Электрооборудование жилых и общественных зданий -- Справочник | |
| 686 |
_aЗ294.93я22 _2rubbk |
||
| 686 | _aЗ294.93я22 | ||
| 700 | 1 |
_4070 _8rus _7ca _aКорякин-Черняк _bС. Л. _gСергей Леонидович _3RU\NLR\auth\779704 _9119516 |
|
| 801 | 0 |
_aRU _bРКП _c20060915 _grcr |
|
| 801 | 1 |
_aRU _bРГБ _c20060915 |
|
| 801 | 2 |
_aRU _bNLR _c20061013 _grcr |
|
| 942 | _cBOOK | ||
| 980 | _aNB | ||